00400pab a2200133 454500008004000000100002400040245005200064260000900116300001500125362001300140650003400153650004500187773003400232180718b1995 xxu||||| |||| 00| 0 eng d aJodhka, Surinder S. aAgrarian changes, unfreedom and attached labour c1995 ap.2011-013 a5-12 Aug aLand tenure - India - Haryana aAgricultural labourers - India - Haryana aEconomic and Political Weekly